| 000 | 01196nam a22002537a 4500 | ||
|---|---|---|---|
| 005 | 20170124103115.0 | ||
| 010 | _aA-463548 | ||
| 020 |
_c100.00 _a8185073007 |
||
| 035 | _aA-463548 | ||
| 037 | _bCen Lib/Ret | ||
| 040 |
_aDPL _bHN |
||
| 082 |
_a820.8 _bसेठर |
||
| 100 |
_aसेठ, रविन्द्र कुमार _947235 |
||
| 245 |
_aतमिल का प्राचीन साहित्य / _c रविन्द्र कुमार सेठ |
||
| 246 |
_aTamil ka prachin sahitya _bby Ravindra Kumar Seth |
||
| 260 |
_aनई दिल्ली _bसाहित्य शोध संस्थान _c1989 |
||
| 270 |
_a8ए -पश्चिमी विस्तार क्षेत्र करोलबाग़ _bनई दिल्ली _e110005 |
||
| 300 |
_a206पृष्ठ. _c20सेमी(सजिल्द) |
||
| 650 |
_aहिंदी साहित्य _980755 |
||
| 650 |
_aतमिल साहित्य - संघम साहित्य _980756 |
||
| 650 |
_ahindi literature _980757 |
||
| 650 |
_aTamil literature - literature unionists _980758 |
||
| 942 |
_2ddc _cHN _h820.8 _mसेठर |
||
| 999 |
_c118538 _d118538 |
||